000
00331nam a22001457a 4500
008
230616b ||||| |||| 00| 0 eng d
020
_a
9780747802570
041
_a
eng
080
_a
616.31
082
_a
616.31WAR
100
_a
12
101
_a
STO
245
_a
OLD MEDICAL AND DENTAL INSTRUMENTS
_c
WARREN.D
942
_2
udc
_c
BK
999
_c
60007
_d
60007